UBT Library

Mobiler roboter im Materialfluβ eines flexiblen Fertigungssystems / (Record no. 64)

000 -LEADER
fixed length control field 00623nam a22002177a 4500
008 - FIXED-LENGTH DATA ELEMENTS--GENERAL INFORMATION
fixed length control field 131009b xxu||||| |||| 00| 0 ger d
020 ## - INTERNATIONAL STANDARD BOOK NUMBER
International Standard Book Number 3540504680
020 ## - INTERNATIONAL STANDARD BOOK NUMBER
International Standard Book Number 0387504680
041 0# - LANGUAGE CODE
Language code of text/sound track or separate title ger
080 ## - UNIVERSAL DECIMAL CLASSIFICATION NUMBER
Universal Decimal Classification number 007.52
100 1# - Rafti
Rafti Klippel, Clemens
245 10 - TITLE STATEMENT
Title Mobiler roboter im Materialfluβ eines flexiblen Fertigungssystems /
Statement of responsibility, etc Clemens Klippel
260 ## -
-- Berlin :
-- New York :
-- Springer Verlag ;
-- 1988
300 ## -
-- 148 f. :
-- me il. ;
-- 21 cm.
490 ## -
-- Forschungsberichte
-- 17
500 ## -
-- Vorwort f. : [III]
650 #0 -
-- Robotët
650 #0 -
-- Automatët
700 1# -
-- Milberg, J.
-- Ing.
942 ## - ADDED ENTRY ELEMENTS (KOHA)
Source of classification or shelving scheme
Item type Books
Holdings
Withdrawn status Lost status Source of classification or shelving scheme Damaged status Not for loan Collection code Permanent location Current location Shelving location Date acquired Total Checkouts Full call number Barcode Date last seen Price effective from Koha item type
          Koleksioni i përgjithshem UBT - Prishtine UBT - Prishtine Koleksioni i përgjithshem 10/09/2013   007.52 KLI 001-000060 10/09/2013 10/09/2013 Books
UBT Library © 2015-2024. All rights reserved University Education for Business and Technology